Le développement de la méthodologie de la consultation en marketing - un outil pour le raprochement du système de formation universitaire avec la pratique économique

Gespeichert in:
Bibliographische Detailangaben
1. Verfasser: Tkáčiková, Jarmila
Weitere Verfasser: Durkech, Boris
Format: Buchkapitel
Sprache:Französisch
Tags: Tag hinzufügen
Keine Tags, Fügen Sie das erste Tag hinzu!

MARC

LEADER 00000naa$a2200000$$$4500
001 0106547
005 20240502072159.7
041 0 |a fre 
044 |a SK 
245 1 0 |a Le développement de la méthodologie de la consultation en marketing - un outil pour le raprochement du système de formation universitaire avec la pratique économique  |c Jarmila Tkáčiková, Boris Durkech 
100 1 |a Tkáčiková, Jarmila 
700 1 |a Durkech, Boris